Visualizzazione normale
Vista MARC
- Sinodo diocesano Ancona e Osimo
di Personal Name
Records bibliografici associati: 1
001 - CONTROL NUMBER
- control field: 62885
003 - CONTROL NUMBER IDENTIFIER
- control field:
005 - DATE AND TIME OF LATEST TRANSACTION
- control field: 20251209145517.0
008 - FIXED-LENGTH DATA ELEMENTS
- fixed length control field: 251209|| aca||aabn | a|a d
040 ## - CATALOGING SOURCE
- Original cataloging agency:
- Transcribing agency:
100 ## - HEADING--PERSONAL NAME
- Personal name: Sinodo diocesano Ancona e Osimo
670 ## - SOURCE DATA FOUND
- Source citation: Work cat.: ()215839: Sinodo diocesano Ancona e Osimo , Famiglia cristiana speranza di vita per l'uomo, 1986